Звичайний вигляд
Перегляд у МАРК
Входження „Personal Name“
Кількість записів, які використовуються: 1
001 - CONTROL NUMBER
- control field: 20595
003 - CONTROL NUMBER IDENTIFIER
- control field: UA-OsUOA
005 - DATE AND TIME OF LATEST TRANSACTION
- control field: 20250528115859.0
008 - FIXED-LENGTH DATA ELEMENTS
- fixed length control field: 250528|| aca||aabn | a|a d
040 ## - CATALOGING SOURCE
- Original cataloging agency: UA-OsUOA
- Transcribing agency: UA-OsUOA
100 ## - HEADING--PERSONAL NAME
- Personal name: Лесик О. В
670 ## - SOURCE DATA FOUND
- Source citation: Work cat.: (UA-OsUOA)578861: Лесик О. В. , Економічна рентабельність реставрації, пристосування та експлуатації фортифікаційних комплексів Волині під заклади туризму та відпочинку